The wave nature of the electron (Record no. 914)

MARC details
000 -LEADER
fixed length control field 00590nam a2200205Ia 4500
003 - CONTROL NUMBER IDENTIFIER
control field IN-BaIIA
008 - FIXED-LENGTH DATA ELEMENTS--GENERAL INFORMATION
fixed length control field 211028s9999 xx 000 0 eng d
040 ## - CATALOGING SOURCE
Transcribing agency IIA Library
080 ## - UNIVERSAL DECIMAL CLASSIFICATION NUMBER
Universal Decimal Classification number 539.124
Item number CON
100 ## - MAIN ENTRY--PERSONAL NAME
Personal name Conn, G. K. T.
9 (RLIN) 1960
245 #4 - TITLE STATEMENT
Title The wave nature of the electron
Statement of responsibility, etc. G. K. T. Conn
260 ## - PUBLICATION, DISTRIBUTION, ETC.
Place of publication, distribution, etc. London
Name of publisher, distributor, etc. Blackie
Date of publication, distribution, etc. 1946
300 ## - PHYSICAL DESCRIPTION
Extent vi, 78p.
490 ## - SERIES STATEMENT
Series statement Blackie's tracts on recent physics
650 ## - SUBJECT ADDED ENTRY--TOPICAL TERM
Topical term or geographic name entry element Electrons
9 (RLIN) 1961
650 ## - SUBJECT ADDED ENTRY--TOPICAL TERM
Topical term or geographic name entry element NASA Thesaurus
650 ## - SUBJECT ADDED ENTRY--TOPICAL TERM
Topical term or geographic name entry element Particle Physics
9 (RLIN) 1847
650 ## - SUBJECT ADDED ENTRY--TOPICAL TERM
Topical term or geographic name entry element Waves
9 (RLIN) 1962
942 ## - ADDED ENTRY ELEMENTS (KOHA)
Koha item type Books
Holdings
Withdrawn status Lost status Damaged status Not for loan Home library Current library Shelving location Date acquired Cost, normal purchase price Total Checkouts Full call number Barcode Date last seen Cost, replacement price Price effective from Koha item type Purchase Price
        IIA Library-Bangalore IIA Library-Kodaikanal General Stacks   3.50   539.124/ CON 944 05/11/2021 3.50   Books Rs. 3.50

Powered by Koha